03324nam a2200385 i 4500003001000000005001700010007001500027008004100042040003500083100004100118245014600159264005500305300004600360336002700406337001600433338002300449502001900472520159700491526000802088540011602096650003702212650004402249650005202293650005302345650002102398650003102419650004102450650007302491650006802564700004402632856006102676857016702737942001502904999001902919CO-MdUADB20241024104050.0cr unu|||a|na|241024b |||||||| |||| 00| 0 spa d aCO-MdUADBbspacCO-MdUADBerda 9868458aPérez Guzmán, Jhon Stuar1 aMétodo secuencial comparado aplicado a dos casos :bla política exterior de Estados Unidos con Irán y Arabia Saudita entre 1979 al 2020 aMedellín :bPérez Guzmán, Jhon Stuar,c2024. a"1 recurso en línea"bArchivo texto PDF 2rdacontentatextobtxt acomputadora arecurso en línea b132c14d2024.3 aRESUMEN : Este trabajo analiza la política exterior de Estados Unidos frente a Arabia Saudita e Irán, a partir del método secuencial comparado, el cual compara de forma sistemática dos o más secuencias históricas, usando el método diacrónico, donde se analiza la carga contextual como el antes, durante y después de los puntos claves de los casos de estudio. En ese sentido, los métodos de análisis incluyen el método del rastreo histórico de procesos y modos de comparación que se le aplican a los dos casos de estudio. De tal manera, este análisis permite llegar a conclusiones donde se evidencia que los dos casos de estudio parten de puntos distintos, y llegan a un punto de encuentro que fue el acontecimiento de la Revolución Islámica, después, se fueron apartando progresivamente porque la relación de Estados Unidos con cada país fue una serie de eventos subsiguientes. Así que, el método secuencial comparado permite responder la pregunta de investigación: ¿Por qué la política exterior de EEUU determina bienestar o dificultades a otros Estados en medio oriente: Irán y Arabia Saudita entre 1979 a 2020? La hipótesis es, los intereses particulares de Estados Unidos [EEUU] priman en su política exterior para medio oriente, por encima de argumentos idealistas como el de la defensa de regímenes democráticos o sistemas económicos de mercado. Primero Irán era el aliado estratégico de EEUU y después de una coyuntura crítica las relaciones cambian, y Arabia Saudita se convierte en el nuevo aliado estratégico. a134 2creativecommons.org/licenses/by-nc-sa/2.5/co/a"Creative Commons : Atribución, no comercial, compartir igual" 02OSt964803aMétodo histórico 02OSt947628aInvestigación histórica 02OSt958075aMedio Oriente - Historia política 02OSt943243aPolítica exterior - Estados Unidos 02OSt940308aIran 02OSt946055aArabia Saudita 02OSt9173106aAlianzas estratégicas 02OSt9115146aEstados Unidos - Relaciones exteriores - Arabia Saudita 02OSt9169844aEstados Unidos - Relaciones internacionales - Iran 9641176aArango Gutiérrez, Andreaeths4 uhttps://bibliotecadigital.udea.edu.co/handle/10495/428404 bUniversidad de AntioquiacRepositorio Institucional Universidad de Antioquiauhttps://bibliotecadigital.udea.edu.co/handle/10495/42840qapplication/pdfs698.59 kB 2ddccTESIS c860817d860817